Χώρο-χρονικές μεταβολές ποικιλότητας μακροβενθικών βιοκοινοτήτων αλυκών Καλλονής Λέσβου : πτυχιακή εργασία
Saved in:
| Main Author: | |
|---|---|
| Corporate Author: | |
| Other Authors: | |
| Format: | Thesis Book |
| Language: | Greek |
| Published: |
2007
|
| Subjects: | |
| Online Access: | http://hdl.handle.net/11610/7417 |
| Tags: |
Add Tag
No Tags, Be the first to tag this record!
|
MARC
| LEADER | 00000cam a2200000 i 4500 | ||
|---|---|---|---|
| 001 | 1/105860 | ||
| 008 | 090604s2007 gre d | ||
| 035 | |l 10104991 | ||
| 040 | |a GR-MY-UA |b gre |e aacr | ||
| 041 | 0 | |a gre | |
| 082 | 0 | |a 577.77 |2 (22) | |
| 100 | 1 | |a Αληφραγκής, Ανδρέας. | |
| 245 | 1 | 0 | |a Χώρο-χρονικές μεταβολές ποικιλότητας μακροβενθικών βιοκοινοτήτων αλυκών Καλλονής Λέσβου : |b πτυχιακή εργασία / |c Αληφραγκής Ανδρέας ; επιβλέπων: Δρόσος Κουτσούμπας |
| 260 | |c 2007 | ||
| 300 | |a 125 σ.; |c 30 εκ. | ||
| 502 | |a Πτυχιακή εργασία – Πανεπιστήμιο Αιγαίου, Λέσβος, 2007. | ||
| 504 | |a Βιβλιογραφία: σ. 112-125 | ||
| 650 | 0 | 0 | |a Marine ecology |z Greece |z Kallone (Lesbos Island) |
| 650 | 0 | 0 | |a Marine biological diversity |z Greece |z Kallone (Lesbos Island) |
| 650 | 0 | 0 | |a Benthos |z Greece |z Kallone (Lesbos Island) |
| 650 | 0 | 0 | |a Salt marsh ecology |z Greece |z Kallone (Lesbos Island) |
| 650 | 0 | 0 | |a Dissertations, Academic |z Greece. |
| 700 | 1 | |4 ths |a Κουτσούμπας, Δρόσος. | |
| 710 | 2 | |a Πανεπιστήμιο Αιγαίου |b Σχολή Περιβάλλοντος |b Τμήμα Επιστημών της Θάλασσας. | |
| 852 | |a INST |b LESVOS |c DIATR |e 20090604 |h 247 |p 005100045214 |q 005100045214 |t DIE |y 23 | ||
| 852 | |a INST |b LESVOS |c DIATR |e 20090604 |h 248 |p 005100045215 |q 005100045215 |t DIE |y 23 | ||
| 856 | |u http://hdl.handle.net/11610/7417 | ||
| 901 | |a BIBL1-2009-2 | ||
| 909 | |a Λ |b 137878 | ||
| 909 | |a Λ |b 137877 | ||
| 924 | |a ΑΛΗΦΡΑΓΚΗΣ |b ΑΝΔΡΕΑΣ |y ΛΕΣΒΟΣ |z 2007-11 | ||
| 970 | |a ΤΖΑΦΕΡΗ |b ΕΥΑΓΓΕΛΙΑ |z 2009/06/04 | ||